01451nam a2200277 a 4500001001000000003000400010005001700014008004100031040002500072082001500097100007500112245014200187260009800329300002000427490004100447590002700488830004400515910001400559942001400573952010600587952011200693952011300805952012000918952011801038999001701156000037981OSt20240305073657.0130311s2000 dr 000 0 spa d aDO-SdBNPbspacBNPHU axxxxbxxxx1 a Mejía-Ricart G., Tirso,d1936-2021q(Mejía-Ricart Guzmán)9156910aProyecto de ley de reforma territorial y reorganización político-administrativa del actual distrito nacional /cTirso Mejía Ricart. aSanto Domingo :bComisión Presidencial para la Reforma y Modernización del Estado,c2000. a81 p. ;c22 cm.1 aConversatorios de la Reforma ;v22 ; aInventariado, 2020/ YL 0aConversatorios de la Reforman22964389 aYlockward 2ddccLBS1 00102ddc51718PDaPDbPDcHDd2013-03-11eFundiiLF1l0o p37981-10r2020-06-25w2020-06-25yLFPD 00102ddc51728PDaPDbPDcCTd2015-02-05eFundiiLF1l0o p37981-20r2020-06-25te. 2w2020-06-25yLFPD 00102ddc51718DSaPDbPDcCTd2015-02-05eFundiiLF1l0o p2020-0453r2020-11-06te. 3w2020-06-25yLFDS 00102ddc51718DSaPDbPDcCTd2014-03-05eDiego MontaniLF1l0o p2020-0454r2020-11-06te. 4w2020-06-25yLFDS 00102ddc51718DSaPDbPDcCTd2020-11-06eDonacióniLF1l0o p2020-0455r2020-11-06te. 5w2020-06-25yLFDS c37471d37471